[Event "Titled Tuesday intern op 03rd Sep Late"]
[Site "Chess.com INT"]
[Date "2024.09.03"]
[Round "1"]
[White "Pichot, Alan"]
[Black "Yakimova, Mariya"]
[Result "1-0"]
[WhiteElo "2628"]
[BlackElo "2217"]
[PlyCount "65"]
[EventDate "2024.09.03"]
[EventType "swiss (blitz)"]
[EventRounds "11"]
[EventCountry "USA"]
[SourceTitle "EXT 2025"]
[Source "ChessBase"]
[SourceDate "2024.10.14"]
[SourceVersion "1"]
[SourceVersionDate "2024.10.14"]
[SourceQuality "1"]

1. e4 c5 2. Nf3 d6 3. d4 cxd4 4. Nxd4 Nf6 5. Nc3 Nc6 6. Bg5 e6 7. Qd2 a6 8. 0-0-0 Bd7 9. Kb1 h6 10. Be3 Ng4 11. Nxc6 bxc6 12. Bf4 e5 13. Bg3 Be6 14. f4 exf4 15. Bxf4 Ne5 16. Bxe5 dxe5 17. Qxd8+ Rxd8 18. Rxd8+ Kxd8 19. Bxa6 Bb4 20. Nd1 Kc7 21. a3 Bd2 22. Rf1 Rd8 23. Bd3 c5 24. b3 c4 25. Bxc4 Bxc4 26. bxc4 f6 27. c3 Kc6 28. Kc2 Kc5 29. Nb2 Bf4 30. Nd3+ Kxc4 31. Rb1 Rxd3 32. Rb4+ Kc5 33. Kxd3 1-0

[Event "Titled Tuesday intern op 30th Jul Early"]
[Site "Chess.com INT"]
[Date "2024.07.30"]
[Round "9"]
[White "Sharshenbekov, Emir"]
[Black "Yakimova, Mariya"]
[Result "1-0"]
[WhiteElo "2026"]
[BlackElo "2220"]
[PlyCount "71"]
[EventDate "2024.07.30"]
[EventType "swiss (blitz)"]
[EventRounds "11"]
[EventCountry "USA"]
[SourceTitle "EXT 2025"]
[Source "ChessBase"]
[SourceDate "2024.10.14"]
[SourceVersion "1"]
[SourceVersionDate "2024.10.14"]
[SourceQuality "1"]

1. e4 c5 2. Nc3 Nc6 3. g3 g6 4. Bg2 Bg7 5. d3 d6 6. Be3 e6 7. Qd2 Rb8 8. a4 a6 9. f4 Nge7 10. Nf3 Nd4 11. 0-0 0-0 12. h4 h5 13. Rab1 b5 14. axb5 axb5 15. Ne2 Nec6 16. c3 Nxf3+ 17. Bxf3 b4 18. d4 bxc3 19. bxc3 Rxb1 20. Rxb1 cxd4 21. Nxd4 Na5 22. Be2 e5 23. Nb5 exf4 24. Bxf4 Qb6+ 25. Kh2 Qc6 26. Nxd6 Be6 27. e5 Rd8 28. Qe3 Qa4 29. Rd1 Nb3 30. Ne4 Rb8 31. Nf6+ Kh8 32. Bh6 Qa2 33. Bxg7+ Kxg7 34. Kg1 Qc2 35. Rf1 Na5 36. Rf2 1-0

[Event "Titled Tuesday intern op 30th Jul Early"]
[Site "Chess.com INT"]
[Date "2024.07.30"]
[Round "6"]
[White "Yakimova, Mariya"]
[Black "Ghoreishi Amiri, Seyed Kian"]
[Result "0-1"]
[WhiteElo "2220"]
[BlackElo "2126"]
[PlyCount "68"]
[EventDate "2024.07.30"]
[EventType "swiss (blitz)"]
[EventRounds "11"]
[EventCountry "USA"]
[SourceTitle "EXT 2025"]
[Source "ChessBase"]
[SourceDate "2024.10.14"]
[SourceVersion "1"]
[SourceVersionDate "2024.10.14"]
[SourceQuality "1"]

1. d4 d5 2. Nf3 Nf6 3. e3 g6 4. b4 Bg7 5. Bb2 0-0 6. Bd3 c6 7. 0-0 Nbd7 8. Nbd2 a5 9. b5 c5 10. c4 cxd4 11. Bxd4 Re8 12. cxd5 Nxd5 13. Bxg7 Kxg7 14. Rc1 N7f6 15. Qa4 Nxe3 16. fxe3 Qxd3 17. Qd4 Qxd4 18. exd4 Be6 19. Rc7 b6 20. a3 Rec8 21. Rb7 Rab8 22. Rxe7 Nd5 23. Ra7 Nc3 24. Ng5 Ne2+ 25. Kh1 Nxd4 26. Nxf7 Nxb5 27. Re7 Rc7 28. Rxc7 Nxc7 29. Ng5 h6 30. Rc1 hxg5 31. Rxc7+ Kh6 32. Ne4 Rd8 33. h3 Rd7 34. Rc6 Bd5 0-1

[Event "Titled Tuesday intern op 30th Jul Early"]
[Site "Chess.com INT"]
[Date "2024.07.30"]
[Round "1"]
[White "Yakimova, Mariya"]
[Black "Madaminov, Mukhiddin"]
[Result "0-1"]
[WhiteElo "2220"]
[BlackElo "2512"]
[PlyCount "28"]
[EventDate "2024.07.30"]
[EventType "swiss (blitz)"]
[EventRounds "11"]
[EventCountry "USA"]
[SourceTitle "EXT 2025"]
[Source "ChessBase"]
[SourceDate "2024.10.14"]
[SourceVersion "1"]
[SourceVersionDate "2024.10.14"]
[SourceQuality "1"]

1. d4 e6 2. Nf3 Nf6 3. e3 b6 4. Bd3 Bb7 5. 0-0 c5 6. c4 Be7 7. Nc3 cxd4 8. exd4 d5 9. cxd5 Nxd5 10. Bb5+ Bc6 11. Qa4 Qd7 12. Ne5 Nxc3 13. Bxc6 Nxa4 14. Nxd7 Nxc6 0-1

[Event "Titled Tuesday intern op 23rd Jul Late"]
[Site "Chess.com INT"]
[Date "2024.07.23"]
[Round "3"]
[White "Aaron, Deepak"]
[Black "Yakimova, Mariya"]
[Result "0-1"]
[WhiteElo "2276"]
[BlackElo "2220"]
[PlyCount "98"]
[EventDate "2024.07.23"]
[EventType "swiss (blitz)"]
[EventRounds "11"]
[EventCountry "USA"]
[SourceTitle "EXT 2025"]
[Source "ChessBase"]
[SourceDate "2024.10.14"]
[SourceVersion "1"]
[SourceVersionDate "2024.10.14"]
[SourceQuality "1"]

1. d4 Nf6 2. e3 g6 3. f4 Bg7 4. Nf3 0-0 5. Bd3 d6 6. e4 c5 7. dxc5 dxc5 8. e5 Nd5 9. Be4 Nb6 10. Qxd8 Rxd8 11. Be3 Na6 12. Na3 Rb8 13. Rd1 Rxd1+ 14. Kxd1 Bf5 15. Bxf5 gxf5 16. Nd2 Nd5 17. Ke2 f6 18. e6 Nxe3 19. Kxe3 Nc7 20. Nb3 Nxe6 21. Rd1 Kf7 22. Rd5 b6 23. Rxf5 Nc7 24. Rh5 Kg6 25. g4 Bh6 26. Kf3 Rd8 27. Nc4 Nd5 28. f5+ Kg7 29. Rh3 Nb4 30. c3 Nxa2 31. Ke4 Rd1 32. Rg3 Nc1 33. Nxc1 Rxc1 34. h4 Re1+ 35. Kd5 Bf4 36. Rf3 Be5 37. Kc6 Re4 38. Nxe5 Rxe5 39. g5 fxg5 40. hxg5 Re4 41. f6+ exf6 42. gxf6+ Kf7 43. Kb7 Re6 44. Rh3 Rxf6 45. Rxh7+ Ke6 46. Kxa7 Kd5 47. Rh4 Kc6 48. c4 Rf2 49. Rh6+ Kc7 0-1

[Event "Titled Tuesday intern op 23rd Jul Late"]
[Site "Chess.com INT"]
[Date "2024.07.23"]
[Round "6"]
[White "Sivakumar, Shaaketh"]
[Black "Yakimova, Mariya"]
[Result "1-0"]
[WhiteElo "2368"]
[BlackElo "2220"]
[PlyCount "41"]
[EventDate "2024.07.23"]
[EventType "swiss (blitz)"]
[EventRounds "11"]
[EventCountry "USA"]
[SourceTitle "EXT 2025"]
[Source "ChessBase"]
[SourceDate "2024.10.14"]
[SourceVersion "1"]
[SourceVersionDate "2024.10.14"]
[SourceQuality "1"]

1. d4 Nf6 2. c4 g6 3. g3 Bg7 4. Bg2 0-0 5. Nf3 d6 6. 0-0 Nc6 7. Nc3 a6 8. e4 Rb8 9. h3 b5 10. cxb5 axb5 11. e5 Nd7 12. e6 fxe6 13. d5 Nce5 14. Nd4 Nc5 15. f4 b4 16. fxe5 Rxf1+ 17. Qxf1 bxc3 18. Nc6 cxb2 19. Nxd8 bxa1Q 20. Qf7+ Kh8 21. Qe8+ 1-0

[Event "Titled Tuesday intern op 23rd Jul Late"]
[Site "Chess.com INT"]
[Date "2024.07.23"]
[Round "2"]
[White "Yakimova, Mariya"]
[Black "Oliveira, Tiago Batista"]
[Result "1-0"]
[WhiteElo "2220"]
[BlackElo "1982"]
[PlyCount "81"]
[EventDate "2024.07.23"]
[EventType "swiss (blitz)"]
[EventRounds "11"]
[EventCountry "USA"]
[SourceTitle "EXT 2025"]
[Source "ChessBase"]
[SourceDate "2024.10.14"]
[SourceVersion "1"]
[SourceVersionDate "2024.10.14"]
[SourceQuality "1"]

1. d4 d5 2. c4 e5 3. dxe5 d4 4. Nf3 Nc6 5. Bf4 Nge7 6. g3 Ng6 7. Bg2 Bc5 8. 0-0 0-0 9. Nbd2 Qe7 10. Nb3 Ngxe5 11. Nxe5 Nxe5 12. Nxc5 Qxc5 13. b4 Qe7 14. Qxd4 Ng6 15. c5 Qxe2 16. Rfe1 Qa6 17. Bxc7 Be6 18. a3 Rac8 19. Bd6 Rfd8 20. Qe3 b6 21. h4 bxc5 22. bxc5 Nf8 23. Rab1 Nd7 24. Bb7 Qa5 25. Bxc8 Rxc8 26. Rec1 h6 27. c6 Nf6 28. c7 Nd5 29. Qe5 Qd2 30. Rd1 Qc2 31. Rbc1 Qa2 32. Ra1 Qc4 33. Rdc1 Qd3 34. Rab1 Nf6 35. Rb8 Ng4 36. Qxe6 fxe6 37. Rxc8+ Kh7 38. Rh8+ Kxh8 39. c8Q+ Kh7 40. Qxe6 Nxf2 41. Rf1 1-0

[Event "RUS-chT (Women)"]
[Site "Sochi"]
[Date "2024.05.10"]
[Round "9.6"]
[White "Garmash, Aliona"]
[Black "Yakimova, Mariya"]
[Result "1/2-1/2"]
[WhiteElo "2156"]
[BlackElo "2228"]
[PlyCount "96"]
[EventDate "2024.05.01"]
[EventType "team-swiss"]
[EventRounds "9"]
[EventCountry "RUS"]
[SourceTitle "CBM 220 Extra"]
[Source "ChessBase"]
[SourceDate "2024.07.31"]
[SourceVersion "1"]
[SourceVersionDate "2024.07.31"]
[SourceQuality "1"]
[WhiteTeam "St Petersburg SSHOR (W)"]
[BlackTeam "Tatarstan ZhK (W)"]
[WhiteTeamCountry "RUS"]
[BlackTeamCountry "RUS"]

1. d4 d5 2. Nf3 Nf6 3. c4 dxc4 4. e3 Bg4 5. Bxc4 e6 6. h3 Bh5 7. Nc3 Nc6 8. 0-0 Bd6 9. Be2 0-0 10. a3 a6 11. b4 Nd5 12. Bb2 f5 13. Na4 b6 14. Rc1 Qe8 15. Qc2 Nb8 16. Nc3 Nd7 17. Nb1 a5 18. b5 Qe7 19. Qd3 g5 20. Nbd2 g4 21. hxg4 fxg4 22. Ne5 Bxe5 23. dxe5 Bg6 24. Qd4 h5 25. Bd3 Bxd3 26. Qxd3 Rf5 27. e4 Nf4 28. Qe3 Rf7 29. Rxc7 Raf8 30. Bd4 h4 31. Rc3 Qg5 32. Kh1 Nxe5 33. Bxe5 Qxe5 34. Nc4 Qxb5 35. Qxb6 Qxb6 36. Nxb6 Ne2 37. Rc5 Rb8 38. Rb1 Rxf2 39. Rg5+ Kf7 40. Rxg4 h3 41. gxh3 Nd4 42. Rd1 e5 43. Nc4 Kf6 44. Kg1 Rf3 45. Rf1 Rbb3 46. Rxf3+ Rxf3 47. Nxa5 Rxa3 48. Nc4 Rxh3 1/2-1/2